[Event "NOR-ch Master"]
[Site "Sarpsborg"]
[Date "2018.07.06"]
[Round "1"]
[White "Lindsoe, Fredrik Aunan"]
[Black "Tryggestad, Andreas Garberg"]
[Result "0-1"]
[WhiteElo "2084"]
[BlackElo "2302"]
[PlyCount "46"]
[EventDate "2018.07.07"]
[EventType "swiss"]
[EventRounds "9"]
[EventCountry "NOR"]
[SourceTitle "EXT 2024"]
[Source "ChessBase"]
[SourceDate "2023.10.10"]
[SourceVersion "1"]
[SourceVersionDate "2023.10.10"]
[SourceQuality "1"]

1. d4 Nf6 2. Bg5 d5 3. Bxf6 exf6 4. e3 Bd6 5. c4 dxc4 6. Bxc4 c6 7. Qc2 0-0 8. Bd3 g6 9. Nf3 Na6 10. Bxa6 Qa5+ 11. Nc3 Qxa6 12. Qe2 Qa5 13. 0-0 Qh5 14. Ne4 Bxh2+ 15. Kh1 Kg7 16. Qd1 Bg4 17. Ned2 c5 18. Qa4 Bc7+ 19. Kg1 cxd4 20. exd4 Rfd8 21. Rac1 Bf4 22. Rc3 b5 23. Qa6 Rxd4 0-1

[Event "Pula op 32nd"]
[Site "Pula"]
[Date "2018.06.24"]
[Round "2"]
[White "Lindsoe, Fredrik Aunan"]
[Black "McPhillips, Joseph"]
[Result "0-1"]
[WhiteElo "2084"]
[BlackElo "2399"]
[PlyCount "38"]
[EventDate "2018.06.23"]
[EventType "swiss"]
[EventRounds "9"]
[EventCountry "CRO"]
[SourceTitle "EXT 2019"]
[Source "ChessBase"]
[SourceDate "2018.10.10"]
[SourceVersion "1"]
[SourceVersionDate "2018.10.10"]
[SourceQuality "1"]

1. d4 d5 2. Nf3 c6 3. c4 e6 4. Bf4 Nf6 5. e3 h6 6. Be2 Nbd7 7. Nfd2 Be7 8. Qc2 Nf8 9. c5 N6d7 10. 0-0 g5 11. Bg3 h5 12. f4 h4 13. Bf2 f5 14. fxg5 Bxg5 15. Nf3 h3 16. g3 Bh6 17. Nh4 Nf6 18. Nc3 Rg8 19. Kh1 N8h7 0-1

[Event "Leiden LCT op-A 11th"]
[Site "Leiden"]
[Date "2017.07.23"]
[Round "9"]
[White "Noordhoek, Henk P"]
[Black "Lindsoe, Fredrik Aunan"]
[Result "0-1"]
[WhiteElo "1950"]
[BlackElo "2145"]
[PlyCount "98"]
[EventDate "2017.07.14"]
[EventType "swiss"]
[EventRounds "9"]
[EventCountry "NED"]
[SourceTitle "EXT 2018"]
[Source "ChessBase"]
[SourceDate "2017.10.13"]
[SourceVersion "1"]
[SourceVersionDate "2017.10.13"]
[SourceQuality "1"]

1. Nf3 Nf6 2. g3 c5 3. Bg2 g6 4. 0-0 Bg7 5. d4 0-0 6. c4 cxd4 7. Nxd4 Nc6 8. Nc3 Ng4 9. Nxc6 bxc6 10. Qc2 Ba6 11. b3 d5 12. h3 Nf6 13. Na4 dxc4 14. bxc4 Qd4 15. Be3 Qxc4 16. Qxc4 Bxc4 17. Bxc6 Rac8 18. Bf3 Nd5 19. Rab1 Nxe3 20. fxe3 Rb8 21. Rfc1 Bxa2 22. Rxb8 Rxb8 23. Rc7 a5 24. Rc5 Bh6 25. Kf2 Rb3 26. Rxa5 Bxe3+ 27. Kg2 Ra3 28. Ra8+ Kg7 29. Nc3 Rxa8 30. Bxa8 Be6 31. Nd5 Bc5 32. Nf4 Bd7 33. Nd3 Bd6 34. Nf2 f5 35. Kf3 Kf6 36. e4 Bc5 37. Nd3 Ba7 38. g4 fxg4+ 39. hxg4 Bb8 40. Nc5 Bb5 41. Bd5 h6 42. Ne6 Bd7 43. Nc5 Be8 44. Bb7 Bd6 45. Nd3 Bd7 46. Bd5 Kg5 47. e5 Bxg4+ 48. Ke3 Bb8 49. Nb4 Bxe5 0-1

[Event "Leiden LCT op-A 11th"]
[Site "Leiden"]
[Date "2017.07.18"]
[Round "5"]
[White "Kanters, Cor"]
[Black "Lindsoe, Fredrik Aunan"]
[Result "1-0"]
[WhiteElo "1918"]
[BlackElo "2145"]
[PlyCount "71"]
[EventDate "2017.07.14"]
[EventType "swiss"]
[EventRounds "9"]
[EventCountry "NED"]
[SourceTitle "EXT 2018"]
[Source "ChessBase"]
[SourceDate "2017.10.13"]
[SourceVersion "1"]
[SourceVersionDate "2017.10.13"]
[SourceQuality "1"]

1. d4 f5 2. g3 Nf6 3. Bg2 g6 4. Nf3 Bg7 5. c4 0-0 6. 0-0 d6 7. Nc3 Qe8 8. b4 c6 9. Rb1 e5 10. dxe5 dxe5 11. e4 Be6 12. c5 Nxe4 13. Nxe4 fxe4 14. Ng5 Bxa2 15. Bxe4 h6 16. Nf3 Na6 17. Rb2 Be6 18. Nh4 Bf5 19. Nxf5 gxf5 20. Bd3 Nc7 21. Qc2 Qg6 22. Kh1 Nd5 23. b5 e4 24. Bc4 Kh7 25. Rd1 Nc3 26. Rd6 Rf6 27. Rd7 cxb5 28. Qxc3 Kh8 29. Rxb5 b6 30. Bb2 e3 31. Qxe3 Re8 32. Qd2 f4 33. Bxf6 Qe4+ 34. Kg1 Qxc4 35. Bxg7+ Kg8 36. Qd5+ 1-0

[Event "NOR-chT Elite qual"]
[Site "Oslo"]
[Date "2016.04.02"]
[Round "2.1"]
[White "Stigar, Petter"]
[Black "Lindsoe, Fredrik Aunan"]
[Result "1-0"]
[WhiteElo "2229"]
[BlackElo "2155"]
[PlyCount "83"]
[EventDate "2016.04.01"]
[EventType "team"]
[EventRounds "3"]
[EventCountry "NOR"]
[SourceTitle "CBM 171 Extra"]
[Source "ChessBase"]
[SourceDate "2016.04.26"]
[SourceVersion "1"]
[SourceVersionDate "2016.04.26"]
[SourceQuality "1"]
[WhiteTeam "SK 96"]
[BlackTeam "Levanger"]
[WhiteTeamCountry "NOR"]
[BlackTeamCountry "NOR"]

1. Nf3 d5 2. d4 e6 3. c4 dxc4 4. e3 b5 5. a4 c6 6. axb5 cxb5 7. b3 Nf6 8. bxc4 b4 9. Bd3 Bb7 10. 0-0 Be7 11. Re1 Ne4 12. Qc2 f5 13. Nbd2 Nxd2 14. Bxd2 0-0 15. e4 a5 16. c5 Kh8 17. Qb3 Nd7 18. Qxe6 Bxc5 19. Bb5 fxe4 20. Bxd7 Ra6 21. Qh3 exf3 22. dxc5 Rg6 23. g3 Bc8 24. Bxc8 Qxd2 25. Qd7 Qc3 26. Rac1 Qb2 27. c6 Rh6 28. h3 Rg6 29. Qc7 h5 30. h4 Kh7 31. Bh3 Rff6 32. Qe5 Qxe5 33. Rxe5 Rxc6 34. Rxc6 Rxc6 35. Rxh5+ Kg8 36. Rxa5 Rc1+ 37. Kh2 Kf7 38. Rb5 Rc2 39. Rf5+ Ke7 40. Rxf3 Rc4 41. Re3+ Kd6 42. Bf5 1-0

[Event "NOR-chT Elite qual"]
[Site "Oslo"]
[Date "2016.04.01"]
[Round "1.1"]
[White "Lindsoe, Fredrik Aunan"]
[Black "Nielsen, Andre"]
[Result "1-0"]
[WhiteElo "2155"]
[BlackElo "1997"]
[PlyCount "117"]
[EventDate "2016.04.01"]
[EventType "team"]
[EventRounds "3"]
[EventCountry "NOR"]
[SourceTitle "CBM 171 Extra"]
[Source "ChessBase"]
[SourceDate "2016.04.26"]
[SourceVersion "1"]
[SourceVersionDate "2016.04.26"]
[SourceQuality "1"]
[WhiteTeam "Levanger"]
[BlackTeam "Alta"]
[WhiteTeamCountry "NOR"]
[BlackTeamCountry "NOR"]

1. d4 Nf6 2. c4 e6 3. Nf3 b6 4. a3 Be7 5. Nc3 Bb7 6. d5 0-0 7. e4 d6 8. Bd3 e5 9. 0-0 Nbd7 10. b4 a5 11. Rb1 Re8 12. Nd2 Nf8 13. Nb3 axb4 14. axb4 Bc8 15. f3 Ng6 16. Be3 Nh5 17. g3 Bh3 18. Re1 Bg5 19. f4 Nhxf4 20. gxf4 exf4 21. Bf2 Ne5 22. Nd4 Qf6 23. Be2 Bh4 24. Bxh4 Qxh4 25. Kh1 Qf2 26. Rg1 Ra3 27. Ndb5 Rxc3 28. Nxc3 f3 29. Bf1 Ng4 30. Rxg4 Bxg4 31. Qe1 Qd4 32. Nb5 Qxe4 33. Qxe4 Rxe4 34. Kg1 Re7 35. Ra1 f5 36. Ra7 Kf7 37. Rxc7 Rxc7 38. Nxc7 f4 39. Nb5 Ke7 40. Nd4 g5 41. Bd3 h5 42. Bf5 Kf6 43. Bd3 Ke5 44. Nc6+ Kf6 45. Kf2 Bf5 46. Bxf5 Kxf5 47. Ne7+ Ke5 48. Nc8 b5 49. cxb5 Kxd5 50. Ne7+ Ke6 51. b6 Kd7 52. Kxf3 h4 53. h3 Kd8 54. Kg4 Kd7 55. b5 Kd8 56. Nd5 Kc8 57. Kxg5 f3 58. Kxh4 f2 59. Ne3 1-0

[Event "Reykjavik op"]
[Site "Reykjavik"]
[Date "2016.03.15"]
[Round "9"]
[White "Lehner, Oliver"]
[Black "Lindsoe, Fredrik Aunan"]
[Result "1-0"]
[WhiteElo "2418"]
[BlackElo "2112"]
[PlyCount "87"]
[EventDate "2016.03.08"]
[EventType "swiss"]
[EventRounds "10"]
[EventCountry "ISL"]
[SourceTitle "CBM 171 Extra"]
[Source "ChessBase"]
[SourceDate "2016.04.26"]
[SourceVersion "1"]
[SourceVersionDate "2016.04.26"]
[SourceQuality "1"]

1. e4 c5 2. Nf3 Nc6 3. d4 cxd4 4. Nxd4 g6 5. Nc3 Bg7 6. Be3 Nf6 7. Bc4 0-0 8. Bb3 d6 9. f3 Bd7 10. h4 h5 11. Qd2 Rc8 12. 0-0-0 Ne5 13. Bg5 Nc4 14. Bxc4 Rxc4 15. Nb3 b5 16. a3 a5 17. Bxf6 Bxf6 18. Nd5 e6 19. Nxf6+ Qxf6 20. Nxa5 Ra4 21. Qxd6 Rxa5 22. Qxd7 b4 23. Qd4 Qf4+ 24. Qd2 Qxd2+ 25. Rxd2 bxa3 26. b3 Rc8 27. Kb1 Rc3 28. Ka2 Kf8 29. Rc1 Rb5 30. Kxa3 Rbxb3+ 31. cxb3 Rxc1 32. b4 Ra1+ 33. Kb3 Ke7 34. b5 Ra5 35. Kb4 Ra1 36. b6 Rb1+ 37. Kc5 Rc1+ 38. Kb5 Rb1+ 39. Kc6 Rc1+ 40. Kb7 Rc3 41. Kb8 Rb3 42. b7 Ra3 43. Rd4 e5 44. Rd5 1-0

[Event "NOR-chB"]
[Site "Lillehammer"]
[Date "2013.07.03"]
[Round "6"]
[White "Martinsen, Stig K"]
[Black "Lindsoe, Fredrik Aunan"]
[Result "1/2-1/2"]
[WhiteElo "2151"]
[BlackElo "2090"]
[PlyCount "59"]
[EventDate "2013.06.29"]
[EventType "swiss"]
[EventRounds "9"]
[EventCountry "NOR"]
[SourceTitle "EXT 2014"]
[Source "ChessBase"]
[SourceDate "2013.11.20"]
[SourceVersion "1"]
[SourceVersionDate "2013.11.20"]
[SourceQuality "1"]

1. d4 f5 2. g3 Nf6 3. Bg2 g6 4. Nh3 Bg7 5. c3 c6 6. Qb3 Qb6 7. Nd2 Qxb3 8. axb3 d6 9. Nc4 Nbd7 10. Nf4 d5 11. Ne6 Kf7 12. Ng5+ Kg8 13. Na5 Nb8 14. b4 h6 15. Nf3 b6 16. Nb3 Ne4 17. Ne5 Bxe5 18. dxe5 Nd7 19. Be3 Bb7 20. f3 Ng5 21. h4 Ne6 22. f4 h5 23. Kf2 Kf7 24. Rhd1 Nc7 25. Ra2 Rhd8 26. Rda1 Nb5 27. Nd4 Nxd4 28. Bxd4 a6 29. Be3 Rac8 30. Bf3 1/2-1/2

[Event "Gibraltar Masters 11th"]
[Site "Caleta"]
[Date "2013.01.27"]
[Round "6"]
[White "Lindsoe, Fredrik Aunan"]
[Black "Sanchez Ibern, Marc"]
[Result "1/2-1/2"]
[WhiteElo "2064"]
[BlackElo "2356"]
[PlyCount "134"]
[EventDate "2013.01.22"]
[EventType "swiss"]
[EventRounds "10"]
[EventCountry "GGB"]
[SourceTitle "CBM 153"]
[Source "ChessBase"]
[SourceDate "2013.03.14"]
[SourceVersion "1"]
[SourceVersionDate "2013.03.14"]
[SourceQuality "1"]

1. Nf3 Nf6 2. d4 g6 3. c4 Bg7 4. g3 d5 5. Bg2 dxc4 6. Qa4+ Nfd7 7. 0-0 Nc6 8. Rd1 Nb6 9. Qb5 0-0 10. Nc3 Bg4 11. Be3 a6 12. Qc5 Qd6 13. Rac1 Rad8 14. d5 Bxc3 15. Qxd6 Rxd6 16. Bxb6 cxb6 17. dxc6 Bxb2 18. Rxd6 Bxc1 19. Rd1 Bb2 20. cxb7 Rb8 21. Ne1 b5 22. Nc2 Bc3 23. Ne3 Be6 24. Bc6 Kg7 25. Nd5 Bxd5 26. Rxd5 Bb4 27. Rd7 Bd6 28. Kf1 b4 29. Ke1 f5 30. Kd1 Kf6 31. Bd5 c3 32. f4 h6 33. Kc2 g5 34. e3 Rh8 35. Kd3 h5 36. Bb3 h4 37. gxh4 gxf4 38. e4 f3 39. exf5 Kxf5 40. Ke3 Ke5 41. Kxf3 Kd4 42. Ke2 Kc5 43. h5 Kc6 44. Be6 Bxh2 45. Bg4 Bf4 46. Rd4 Bd6 47. Bf3+ Kc7 48. Rc4+ Kb8 49. h6 Rxh6 50. Rc8+ Ka7 51. Ra8+ Kb6 52. b8Q+ Bxb8 53. Rxb8+ Kc5 54. Rc8+ Kd4 55. Rd8+ Kc5 56. Rc8+ Kb5 57. Rb8+ Ka4 58. Bd5 Ka3 59. Bb3 a5 60. Rb5 Ra6 61. Kd3 a4 62. Kc2 Ra8 63. Re5 Ra7 64. Re6 axb3+ 65. axb3 Ka2 66. Re4 Rb7 67. Re5 Ra7 1/2-1/2

[Event "Gibraltar Masters 11th"]
[Site "Caleta"]
[Date "2013.01.26"]
[Round "5"]
[White "Oparin, Grigoriy"]
[Black "Lindsoe, Fredrik Aunan"]
[Result "1-0"]
[WhiteElo "2478"]
[BlackElo "2064"]
[PlyCount "51"]
[EventDate "2013.01.22"]
[EventType "swiss"]
[EventRounds "10"]
[EventCountry "GGB"]
[SourceTitle "CBM 153"]
[Source "ChessBase"]
[SourceDate "2013.03.14"]
[SourceVersion "1"]
[SourceVersionDate "2013.03.14"]
[SourceQuality "1"]

1. e4 c6 2. d4 d5 3. e5 Bf5 4. Nd2 e6 5. Nb3 Nd7 6. Nf3 Ne7 7. Be2 Ng6 8. h4 h5 9. Ng5 f6 10. exf6 Nxf6 11. Bd3 Ne4 12. Qe2 Be7 13. Nxe4 dxe4 14. Bxe4 0-0 15. Bxf5 exf5 16. Bd2 Qe8 17. 0-0-0 Bxh4 18. Qxh5 Be7 19. Rde1 Rf6 20. Bg5 Re6 21. Rxe6 Bxg5+ 22. Qxg5 Qxe6 23. d5 cxd5 24. Nd4 Qe5 25. Qxg6 Qxd4 26. Qe6+ 1-0

[Event "Gibraltar Masters 11th"]
[Site "Caleta"]
[Date "2013.01.25"]
[Round "4"]
[White "Lindsoe, Fredrik Aunan"]
[Black "Arakhamia Grant, Ketevan"]
[Result "1-0"]
[WhiteElo "2064"]
[BlackElo "2405"]
[PlyCount "71"]
[EventDate "2013.01.22"]
[EventType "swiss"]
[EventRounds "10"]
[EventCountry "GGB"]
[SourceTitle "CBM 153"]
[Source "ChessBase"]
[SourceDate "2013.03.14"]
[SourceVersion "1"]
[SourceVersionDate "2013.03.14"]
[SourceQuality "1"]

1. Nf3 g6 2. d4 Bg7 3. c4 c5 4. Nc3 cxd4 5. Nxd4 Nc6 6. e3 Nf6 7. Nb3 b6 8. Be2 Bb7 9. Bf3 0-0 10. 0-0 Ba6 11. Nd2 Rc8 12. Qa4 Na5 13. Nb5 d5 14. Nxa7 Rc7 15. Nb5 Qd7 16. Qb4 Rc5 17. Nd4 Nxc4 18. Nxc4 Bxc4 19. Qxb6 Qc8 20. Be2 Nd7 21. Qa7 Rc7 22. Qa3 Bxd4 23. Bxc4 Bc5 24. Ba6 Bxa3 25. Bxc8 Rfxc8 26. bxa3 Rc2 27. a4 Nb6 28. Ba3 e6 29. a5 Nc4 30. Bb4 f6 31. Rfd1 Kf7 32. Kf1 Rc6 33. e4 dxe4 34. Rd7+ Ke8 35. Rad1 Ne5 36. Re7+ 1-0

[Event "Oslo Elo op"]
[Site "Oslo"]
[Date "2012.09.30"]
[Round "5"]
[White "Lindsoe, Fredrik Aunan"]
[Black "Haug, Johannes"]
[Result "1-0"]
[WhiteElo "2045"]
[BlackElo "1943"]
[PlyCount "79"]
[EventDate "2012.09.30"]
[EventType "swiss"]
[EventRounds "9"]
[EventCountry "NOR"]
[SourceTitle "EXT 2013"]
[Source "ChessBase"]
[SourceDate "2012.11.22"]
[SourceVersion "1"]
[SourceVersionDate "2012.11.22"]
[SourceQuality "1"]

1. d4 Nf6 2. c4 g6 3. Nc3 d5 4. e3 Bg7 5. Qb3 c6 6. Nf3 0-0 7. Bd3 dxc4 8. Bxc4 b5 9. Be2 Be6 10. Qc2 a6 11. 0-0 Qc7 12. e4 Rd8 13. Rd1 h6 14. h3 Nbd7 15. Be3 Nb6 16. b3 Rac8 17. Rac1 Kh7 18. Bf1 Qb8 19. Ne2 Bd7 20. Ne5 Be8 21. f4 e6 22. Ng3 Qb7 23. Qf2 Nbd7 24. Be2 c5 25. Nxd7 Rxd7 26. dxc5 Nxe4 27. Nxe4 Qxe4 28. Bf3 Qb4 29. Rxd7 Bxd7 30. Bb7 Rc7 31. c6 Bc8 32. Qf3 Bxb7 33. cxb7 Rxc1+ 34. Kh2 Qd6 35. Ba7 Be5 36. fxe5 Qxe5+ 37. Qg3 Qa1 38. Qe3 Rh1+ 39. Kg3 Re1 40. Qd4 1-0

[Event "Oslo Elo op"]
[Site "Oslo"]
[Date "2012.09.30"]
[Round "7"]
[White "Rishovd, Svein"]
[Black "Lindsoe, Fredrik Aunan"]
[Result "1-0"]
[WhiteElo "1996"]
[BlackElo "2045"]
[PlyCount "79"]
[EventDate "2012.09.30"]
[EventType "swiss"]
[EventRounds "9"]
[EventCountry "NOR"]
[SourceTitle "EXT 2013"]
[Source "ChessBase"]
[SourceDate "2012.11.22"]
[SourceVersion "1"]
[SourceVersionDate "2012.11.22"]
[SourceQuality "1"]

1. c4 c5 2. Nc3 Nc6 3. e3 g6 4. d4 cxd4 5. exd4 d6 6. Be3 Bg7 7. Qd2 h5 8. Nf3 Bg4 9. Be2 Nh6 10. d5 Bxf3 11. gxf3 Ne5 12. f4 Neg4 13. Bd4 Bxd4 14. Qxd4 0-0 15. Rg1 Nf5 16. Qd3 Kg7 17. h3 Ngh6 18. 0-0-0 Rc8 19. Kb1 h4 20. Ne4 Rg8 21. Ng5 Qb6 22. Qc3+ Kf8 23. Rge1 Qxf2 24. Bf3 Rg7 25. Re2 Qc5 26. b3 b5 27. Ne4 Qb6 28. c5 dxc5 29. d6 exd6 30. Nf6 Qc7 31. Rde1 Qd8 32. Bc6 Nd4 33. Re8+ Qxe8 34. Bxe8 Nhf5 35. Bd7 Rd8 36. Qa5 Ra8 37. Qxa7 Rd8 38. Qc7 Ra8 39. Bc8 Ne6 40. Qd8+ 1-0

[Event "Dos Hermanas Internet qual-E 10th"]
[Site "ICC INT"]
[Date "2009.03.15"]
[Round "8"]
[White "Lindsoe, Fredrik Aunan"]
[Black "Castano, Jhon Edison"]
[Result "0-1"]
[WhiteElo "2033"]
[BlackElo "2031"]
[PlyCount "44"]
[EventDate "2009.03.15"]
[EventType "swiss (blitz)"]
[EventRounds "12"]
[EventCountry "ESP"]
[SourceTitle "CBM 129 Extra"]
[Source "ChessBase"]
[SourceDate "2009.05.05"]
[SourceVersion "2"]
[SourceVersionDate "2009.05.20"]
[SourceQuality "1"]

1. Nf3 Nf6 2. d4 g6 3. c4 Bg7 4. Nc3 d5 5. g3 0-0 6. Bg2 c6 7. 0-0 dxc4 8. a4 Nbd7 9. Nd2 Nb6 10. a5 Nbd5 11. Nxc4 Nxc3 12. bxc3 c5 13. d5 Bf5 14. h3 Ne4 15. g4 Nxc3 16. Qe1 Be4 17. Bb2 Qxd5 18. f3 Qxc4 19. Bxc3 Bxc3 20. Qc1 Bd4+ 21. Kh1 Bd5 22. Qd2 Bxa1 0-1

[Event "Verdal CC-ch"]
[Site "Verdal"]
[Date "2009.??.??"]
[Round "2"]
[White "Lindsoe, Fredrik Aunan"]
[Black "Snekkermo, Kent Ove"]
[Result "1-0"]
[WhiteElo "1956"]
[BlackElo "1566"]
[PlyCount "59"]
[EventDate "2009.09.07"]
[EventType "swiss"]
[EventRounds "9"]
[EventCountry "NOR"]
[SourceTitle "EXT 2024"]
[Source "ChessBase"]
[SourceDate "2023.10.10"]
[SourceVersion "1"]
[SourceVersionDate "2023.10.10"]
[SourceQuality "1"]

1. Nc3 Nf6 2. d4 d6 3. e4 g6 4. g3 Bg7 5. Bg2 0-0 6. Nge2 Nbd7 7. h3 c6 8. Be3 Qc7 9. Qd2 e5 10. Rd1 Rb8 11. dxe5 dxe5 12. Bxa7 Ra8 13. Be3 Nb6 14. b3 Be6 15. 0-0 Rad8 16. Qc1 Rfe8 17. Bc5 Nfd7 18. Bd6 Qc8 19. Qe3 Na8 20. Kh2 f6 21. Na4 Bf7 22. Rd2 Bf8 23. Rfd1 Bxd6 24. Rxd6 Re6 25. Qd2 Rxd6 26. Qxd6 Qc7 27. Qe7 Qc8 28. h4 b5 29. Nc5 Nab6 30. Bh3 1-0

[Event "Gibraltar Challengers-B"]
[Site "Gibraltar"]
[Date "2008.01.31"]
[Round "5"]
[White "Vasvari, Tamas"]
[Black "Lindsoe, Fredrik Aunan"]
[Result "0-1"]
[WhiteElo "2174"]
[BlackElo "2001"]
[PlyCount "108"]
[EventDate "2008.01.27"]
[EventType "swiss"]
[EventRounds "5"]
[EventCountry "ENG"]
[SourceTitle "CBM 122 Extra"]
[Source "ChessBase"]
[SourceDate "2008.03.04"]
[SourceVersion "1"]
[SourceVersionDate "2008.03.04"]
[SourceQuality "1"]

1. e4 c5 2. Nf3 Nc6 3. d4 cxd4 4. Nxd4 Nf6 5. Nc3 e5 6. Ndb5 d6 7. Bg5 a6 8. Na3 b5 9. Bxf6 gxf6 10. Nd5 Bg7 11. c3 f5 12. exf5 Bxf5 13. Qf3 Be6 14. Nf4 exf4 15. Qxc6+ Kf8 16. Nc2 Be5 17. Bd3 Kg7 18. 0-0 Qg5 19. Ne1 Rhc8 20. Qe4 f5 21. Qb7+ Kf6 22. Nf3 Qg6 23. Nd4 Rab8 24. Qf3 Bd7 25. g3 a5 26. Kh1 Rc5 27. Qe2 Qh6 28. Rae1 b4 29. Qd2 Qh3 30. f3 fxg3 31. Nb3 bxc3 32. Qg2 Qxg2+ 33. Kxg2 Rxb3 34. axb3 gxh2 35. f4 Bd4 36. bxc3 Rxc3 37. Bc4 Bg1 38. Bd5 Rd3 39. Ba8 Rxb3 40. Rd1 Rb2+ 41. Kg3 Bc5 42. Rb1 Rc2 43. Rbc1 Rxc1 44. Rxc1 Bg1 45. Kg2 Ke7 46. Re1+ Kd8 47. Ra1 a4 48. Bf3 Kc7 49. Rd1 Be3 50. Kg3 a3 51. Ra1 Bc5 52. Kxh2 Be6 53. Bd1 a2 54. Rc1 Kb6 0-1

[Event "Gibraltar Masters 6th"]
[Site "Gibraltar"]
[Date "2008.01.28"]
[Round "7"]
[White "Lindsoe, Fredrik Aunan"]
[Black "Makka, Ioulia"]
[Result "0-1"]
[WhiteElo "2001"]
[BlackElo "2186"]
[PlyCount "120"]
[EventDate "2008.01.22"]
[EventType "swiss"]
[EventRounds "10"]
[EventCountry "ENG"]
[SourceTitle "CBM 122 Extra"]
[Source "ChessBase"]
[SourceDate "2008.03.04"]
[SourceVersion "1"]
[SourceVersionDate "2008.03.04"]
[SourceQuality "1"]

1. e4 e6 2. d4 d5 3. Nc3 Nf6 4. Bg5 dxe4 5. Nxe4 Nbd7 6. Bd3 h6 7. Bxf6 Nxf6 8. Nf3 Be7 9. Qe2 Nxe4 10. Bxe4 0-0 11. 0-0-0 c5 12. Kb1 cxd4 13. Nxd4 Qb6 14. Nb3 Qc7 15. g4 Bh4 16. Rd3 Bd7 17. Rc3 Qb6 18. f4 f5 19. gxf5 exf5 20. Bd5+ Kh8 21. Nc5 Bc6 22. Bxc6 Qxc6 23. Qf3 Qxf3 24. Rxf3 Rf7 25. Rd1 Re8 26. Rfd3 Rfe7 27. c3 Kh7 28. Rd7 b6 29. Nb3 Bf2 30. Nc1 Be3 31. Ne2 Bc5 32. Ng3 g6 33. b4 Rxd7 34. Rxd7+ Re7 35. Rd2 Be3 36. Re2 Kg7 37. Nf1 Bc5 38. Rxe7+ Bxe7 39. Ne3 Bd6 40. Nd5 Kf7 41. b5 Ke6 42. c4 g5 43. Kc2 g4 44. Kd3 Bc5 45. Ke2 h5 46. h3 gxh3 47. Kf3 h4 48. Nc7+ Kd7 49. Nd5 Kd6 50. Nc3 Bg1 51. Nd5 Bd4 52. Nb4 Kc5 53. Nd5 Kxc4 54. Ne7 Be3 55. Nxf5 Bxf4 56. a4 Kb4 57. Nd4 Kxa4 58. Nc6 Bb8 59. Nxb8 Kxb5 60. Nd7 a5 0-1

[Event "Gibraltar Challengers-B"]
[Site "Gibraltar"]
[Date "2008.01.27"]
[Round "1"]
[White "Campeanu, Alin Vivian"]
[Black "Lindsoe, Fredrik Aunan"]
[Result "0-1"]
[WhiteElo "1912"]
[BlackElo "2001"]
[PlyCount "70"]
[EventDate "2008.01.27"]
[EventType "swiss"]
[EventRounds "5"]
[EventCountry "ENG"]
[SourceTitle "CBM 122 Extra"]
[Source "ChessBase"]
[SourceDate "2008.03.04"]
[SourceVersion "1"]
[SourceVersionDate "2008.03.04"]
[SourceQuality "1"]

1. e4 c5 2. Nc3 Nc6 3. f4 g6 4. Bc4 Bg7 5. Nf3 d6 6. d3 e6 7. 0-0 Nge7 8. a3 Nd4 9. Nxd4 cxd4 10. Ne2 0-0 11. Bb3 Qb6 12. Qe1 d5 13. e5 f6 14. exf6 Bxf6 15. g4 Bd7 16. Bd2 a5 17. a4 Qc5 18. Rf3 b6 19. Kg2 Rf7 20. Qf2 Raf8 21. Rf1 Nc6 22. Ng3 Bh4 23. Qe2 Kg7 24. Kh3 Bd8 25. Kg2 Qd6 26. f5 exf5 27. gxf5 Bxf5 28. Nxf5+ Rxf5 29. Rxf5 Rxf5 30. Rxf5 gxf5 31. Qf3 Ne7 32. Bf4 Qe6 33. Qg3+ Ng6 34. Bc1 Qe2+ 35. Qf2 Nh4+ 0-1

[Event "Gibraltar Challengers"]
[Site "Gibraltar"]
[Date "2008.01.26"]
[Round "5"]
[White "Lindsoe, Fredrik Aunan"]
[Black "Bates, Caspar J"]
[Result "0-1"]
[WhiteElo "2001"]
[BlackElo "2190"]
[PlyCount "52"]
[EventDate "2008.01.22"]
[EventType "swiss"]
[EventRounds "5"]
[EventCountry "ENG"]
[SourceTitle "CBM 122 Extra"]
[Source "ChessBase"]
[SourceDate "2008.03.04"]
[SourceVersion "1"]
[SourceVersionDate "2008.03.04"]
[SourceQuality "1"]

1. e4 e5 2. Nf3 Nc6 3. d4 exd4 4. Nxd4 Nf6 5. Nxc6 bxc6 6. Bd3 d5 7. exd5 cxd5 8. 0-0 Be7 9. Bb5+ Bd7 10. c4 c6 11. Ba4 0-0 12. Bf4 dxc4 13. Nd2 Nd5 14. Qf3 Nxf4 15. Qxf4 Bg5 16. Qd6 Be6 17. Ne4 Qxd6 18. Nxd6 Bf6 19. Bxc6 Rab8 20. Rad1 Bxb2 21. Be4 c3 22. Bb1 g6 23. Ne4 Rfc8 24. Bc2 Bxa2 25. Rd7 Bb3 26. Re1 Bxc2 0-1

[Event "Gibraltar Challengers"]
[Site "Gibraltar"]
[Date "2008.01.23"]
[Round "2"]
[White "Rosberg, Simon"]
[Black "Lindsoe, Fredrik Aunan"]
[Result "1/2-1/2"]
[WhiteElo "2246"]
[BlackElo "2001"]
[PlyCount "50"]
[EventDate "2008.01.22"]
[EventType "swiss"]
[EventRounds "5"]
[EventCountry "ENG"]
[SourceTitle "CBM 122 Extra"]
[Source "ChessBase"]
[SourceDate "2008.03.04"]
[SourceVersion "1"]
[SourceVersionDate "2008.03.04"]
[SourceQuality "1"]

1. d4 Nf6 2. Nf3 e6 3. c4 d5 4. g3 dxc4 5. Qa4+ Bd7 6. Qxc4 Bc6 7. Bg2 a6 8. 0-0 b5 9. Qd3 Be7 10. Bd2 0-0 11. Ba5 Ra7 12. Nbd2 Ba8 13. Nb3 Nc6 14. Bd2 Nd5 15. e4 Nb6 16. Qe2 Nc4 17. Bf4 a5 18. a4 bxa4 19. Rxa4 Nb6 20. Ra2 a4 21. Rfa1 Nb4 22. Ra3 Nc6 23. R3a2 Nb4 24. Ra3 Nc6 25. R3a2 Nb4 1/2-1/2